Loading...
| Current Events | 3 | 16.67 | 100% | 67% | 0% |
| Fine Arts - Classical Music | 2 | 20.00 | 100% | 50% | 50% |
| Fine Arts - Other Fine Arts | 6 | 18.33 | 100% | 83% | 0% |
| Geography | 3 | 16.67 | 100% | 67% | 0% |
| History - American History | 5 | 26.00 | 100% | 80% | 80% |
| History - European History | 4 | 22.50 | 100% | 75% | 50% |
| History - Other History | 6 | 23.33 | 100% | 83% | 50% |
| History - World History | 4 | 22.50 | 100% | 100% | 25% |
| Literature - American Literature | 7 | 20.00 | 100% | 86% | 14% |
| Literature - British Literature | 8 | 17.50 | 88% | 50% | 38% |
| Literature - European Literature | 4 | 12.50 | 100% | 25% | 0% |
| Literature - World Literature | 6 | 15.00 | 100% | 33% | 17% |
| Mythology | 6 | 18.33 | 83% | 83% | 17% |
| Painting/Sculpture | 6 | 21.67 | 100% | 83% | 33% |
| Philosophy | 3 | 23.33 | 100% | 100% | 33% |
| Pop Culture | 5 | 20.00 | 100% | 80% | 20% |
| Religion | 7 | 24.29 | 100% | 100% | 43% |
| Science - Biology | 7 | 17.14 | 86% | 57% | 29% |
| Science - Chemistry | 4 | 12.50 | 100% | 0% | 25% |
| Science - Other Science | 6 | 16.67 | 100% | 50% | 17% |
| Science - Physics | 5 | 14.00 | 100% | 40% | 0% |
| Social Science | 4 | 17.50 | 100% | 50% | 25% |